000 00702nam a2200193Ia 4500
003 GCL
008 140319s9999 xx 000 0 ara d
040 _aGCL /
_cGCL
082 0 4 _a953.075
_bم ع
100 1 _aمحمد عبدالقادر خريسات
245 1 0 _aعمان فى العهد الاسلامى /
_cمحمد عبدالقادر خريسات
260 _aالاردن :
_bمنشورات امانة عمان الكبرى ،
_c2004
300 _a207 ص ؛
_c24 سم
490 _aموسوعة عمان
_v3
650 0 4 _aعمان - تاريخ
650 0 4 _aالاردن - تاريخ - العصر الاسلامى
650 0 4 _aالاردن - الحياة العلمية
942 _2ddc
_cBK
999 _c8348
_d8348